| Tag |
First Indicator |
Second Indicator |
Subfields |
| LEADER |
00000cam a2200000 i 4500 |
| 001 |
in00000651421 |
| 005 |
20151015075251.0 |
| 008 |
760519r19761974orua bb 00010 eng d |
| 035 |
|
|
|a (OCoLC)02183400
|
| 035 |
|
|
|9 ACX4640AM
|
| 040 |
|
|
|a Univ. of Oregon
|c KUK
|d TXA
|d UtOrBLW
|
| 049 |
|
|
|a TXAI
|
| 099 |
|
|
|a fiche
|a C
|a 1568
|
| 100 |
1 |
|
|a Morris, Gordon Sharpless,
|d 1946-
|
| 245 |
1 |
4 |
|a The effects ball color and background color have upon the catching performance of second, fourth, and sixth grade youngsters /
|c by Gordon Sharpless Morris.
|
| 264 |
|
1 |
|a [Place of publication not identified] :
|b [publisher not identified] ;
|c 1974.
|
| 300 |
|
|
|a xi, 95 leaves :
|b illustrations
|
| 336 |
|
|
|a text
|b txt
|2 rdacontent
|
| 337 |
|
|
|a microform
|b h
|2 rdamedia
|
| 338 |
|
|
|a microfiche
|b he
|2 rdacarrier
|
| 500 |
|
|
|a Vita.
|
| 500 |
|
|
|a Microfiche (negative) of typescript. Eugene : Microform Publications, College of Health, Physical Education and Recreation, University of Oregon, 1976. -- 2 sheets ; 10.5 x 14.8 cm.
|
| 502 |
|
|
|c University of Oregon.
|
| 504 |
|
|
|a Bibliography: leaves 91-95.
|
| 500 |
|
|
|a Microform.
|
| 650 |
|
0 |
|a Motor ability
|x Testing.
|
| 650 |
|
0 |
|a Color.
|
| 740 |
0 |
|
|a Catching performance of second, fourth, and sixth grade youngsters.
|
| 999 |
|
|
|a MARS
|
| 999 |
f |
f |
|s e8cc130c-da61-33a8-aad9-fdc02544fa2c
|i 8d72939f-b1b4-3a19-b1af-71f4f97a646a
|t 0
|
| 952 |
f |
f |
|p normal
|a Texas A&M University
|b College Station
|c Sterling C. Evans Library
|d Evans: Microforms (3rd floor)
|t 0
|e fiche C 1568
|h Other scheme
|i microform -- microfiche
|m A14820672696
|
| 998 |
f |
f |
|a fiche C 1568
|t 0
|l Evans: Microforms (3rd floor)
|